000 00468 a2200157 4500
003 NUST
005 20221209182005.0
040 _cNust
082 _a297.124,YOU
100 _aYusuf, Hafiz Salahuddin
_9104585
245 _aRiaz Us Saliheen ریاض الصالحین Jild-2 (Urdu) /
_cAbu Zakariya Yahya bin Sharaf, arjamah by Hafiz Shamsuddin Yousaf
260 _aLahore
_bDarusslam
300 _a640:p.
650 _aSiratt
_9104586
942 _2ddc
_cBK
_k297.124,YOU
999 _c187945
_d187945